00948nam a2200229 a 4500001001000000003000500010005001700015008004100032010001100073011001100084040000900095100004000104245019900144260004100343500006000384502007800444650002600522650004500548650002300593700003200616856007000648000109352CHAP20220329144047.0140422s2013 mx sm |||||||spa d a105814 a106786 cCHAP1 aHernández Guzmán, José Manuel10aProyecto ejecutivo para la tecnificación de riego en el ejido la Purificación, Texcoco, Estado de Méxicoh[En línea]cpor José Manuel Hernández Guzmán y Heriberto Hernández Ruiz. aChapingo, Méx. :bEl autor,c2013. aPara ver el contenido del material haga clic en la liga aTesis (Ing. Agr. Esp. en Irrigación) -- UACH. Departamento Irrigación14aIrrigaciónxCostos.14aIrrigaciónxProyectosxMéxico (Edo.)14aSistemas de riego.1 aHernández Ruiz, Heriberto aFinding aiduhttp://10.13.5.2/tesis/sist109352.pdfzTeclea aquí